000 00969nam a22003017a 4500
001 5812
003 FISKH
005 20250123101702.0
008 250123b cb ||||| |||| 00| 0 eng d
020 _a9780439686815
040 _aFISKH
_beng
_cFISKH
_dFISKH
050 _aDG77.M344
082 _a937
100 _aMarks, Anthony
245 _aRomans /
_cby Anthony Marks and Graham Tingay : Illustrated by Ian Jackson and Gerald Wood
260 _aNew York :
_bScholastic ,
_c2003.
300 _a96 pages :
_bcolor illustrations , maps ;
_c26 cm .
490 _aUsborne Illustrated World History
505 _aZ
520 _aDescribes the world of the Romans from the founding of the city to the decline of the empire.
521 8 _a920
_bLexile
521 8 _aZ
_bRaz-Plus
650 _aAncient Rome
_vnon-fiction
700 _aJackson, Ian
_eillustrator
700 _aWood, Gerald
_eillustrator
942 _2ddc
_cBK
_n0
999 _c5812
_d5812